| 000 | 00932cam a2200229 4500 | ||
|---|---|---|---|
| 001 | WB3638-03 | ||
| 008 | 000000n2000 000 0 eng u | ||
| 035 | _a(Sirsi) u108476 | ||
| 245 | _aHomebuilders back brick and block | ||
| 260 | _c2000 | ||
| 490 |
_aBuilding Homes _v(9) September 2000, 6(1) |
||
| 520 | _aA Benchmark Research survey shows that around half of the UK's main housebuilders accept the draft changes to Part L of the Building Regulations, and most are confident that U values can be reduced using brick and block construction. For further information on the survey, contact Jo Pyle or Jane Hales on tel: 01322 614050. | ||
| 590 | _aWB | ||
| 650 |
_aBUILDING REGULATIONS _96224 |
||
| 650 | _aPART L | ||
| 650 | _aU VALUES | ||
| 650 | _aBRICK AND BLOCK CONSTRUCTION | ||
| 650 | _aTIMBER FRAME CONSTRUCTION | ||
| 650 | _aHOUSE BUILDERS | ||
| 690 | _aBUILT ENVIRONMENT-BUILDING STANDARDS | ||
| 942 | _n0 | ||
| 999 |
_c64765 _d64765 |
||